| 000 | 04054nam a22006375i 4500 | ||
|---|---|---|---|
| 001 | 978-3-319-63712-9 | ||
| 003 | DE-He213 | ||
| 005 | 20210118120640.0 | ||
| 007 | cr nn 008mamaa | ||
| 008 | 170807s2017 gw | s |||| 0|eng d | ||
| 020 |
_a9783319637129 _9978-3-319-63712-9 |
||
| 024 | 7 |
_a10.1007/978-3-319-63712-9 _2doi |
|
| 050 | 4 | _aQA76.76.A65 | |
| 072 | 7 |
_aUB _2bicssc |
|
| 072 | 7 |
_aCOM018000 _2bisacsh |
|
| 072 | 7 |
_aUB _2thema |
|
| 082 | 0 | 4 |
_a004 _223 |
| 245 | 1 | 0 |
_aSmart Cities, Green Technologies, and Intelligent Transport Systems _h[electronic resource] : _b5th International Conference, SMARTGREENS 2016, and Second International Conference, VEHITS 2016, Rome, Italy, April 23-25, 2016, Revised Selected Papers / _cedited by Markus Helfert, Cornel Klein, Brian Donnellan, Oleg Gusikhin. |
| 250 | _a1st ed. 2017. | ||
| 264 | 1 |
_aCham : _bSpringer International Publishing : _bImprint: Springer, _c2017. |
|
| 300 |
_aXIV, 323 p. 173 illus. _bonline resource. |
||
| 336 |
_atext _btxt _2rdacontent |
||
| 337 |
_acomputer _bc _2rdamedia |
||
| 338 |
_aonline resource _bcr _2rdacarrier |
||
| 347 |
_atext file _bPDF _2rda |
||
| 490 | 1 |
_aCommunications in Computer and Information Science, _x1865-0929 ; _v738 |
|
| 505 | 0 | _aInvited Paper -- Smart Cities and Green ICT Systems -- Vehicle Technology and Intelligent Transport Systems. | |
| 520 | _aThis book constitutes the thoroughly refereed post-conference proceedings of the 5th International Conference on Smart Cities and Green ICT Systems, SMARTGREENS 2016, and the Second International Conference on Vehicle Technology and Intelligent Transport Systems, VEHITS 2016, held in Rome, Italy, in April 2016. The 11 full papers of SMARTGREENS 2016 presented were carefully reviewed and selected from 72 submissions. VEHITS 2016 received 49 paper submissions from which 5 papers were selected and published in this book. The papers reflect topics such as smart cities, energy-aware systems and technologies, sustainable computing and communications, sustainable transportation and smart mobility. | ||
| 650 | 0 | _aApplication software. | |
| 650 | 0 | _aComputer organization. | |
| 650 | 0 | _aArtificial intelligence. | |
| 650 | 0 | _aComputers and civilization. | |
| 650 | 1 | 4 |
_aComputer Applications. _0http://scigraph.springernature.com/things/product-market-codes/I23001 |
| 650 | 2 | 4 |
_aComputer Systems Organization and Communication Networks. _0http://scigraph.springernature.com/things/product-market-codes/I13006 |
| 650 | 2 | 4 |
_aArtificial Intelligence. _0http://scigraph.springernature.com/things/product-market-codes/I21000 |
| 650 | 2 | 4 |
_aComputers and Society. _0http://scigraph.springernature.com/things/product-market-codes/I24040 |
| 700 | 1 |
_aHelfert, Markus. _eeditor. _4edt _4http://id.loc.gov/vocabulary/relators/edt |
|
| 700 | 1 |
_aKlein, Cornel. _eeditor. _4edt _4http://id.loc.gov/vocabulary/relators/edt |
|
| 700 | 1 |
_aDonnellan, Brian. _eeditor. _4edt _4http://id.loc.gov/vocabulary/relators/edt |
|
| 700 | 1 |
_aGusikhin, Oleg. _eeditor. _4edt _4http://id.loc.gov/vocabulary/relators/edt |
|
| 710 | 2 | _aSpringerLink (Online service) | |
| 773 | 0 | _tSpringer eBooks | |
| 776 | 0 | 8 |
_iPrinted edition: _z9783319637112 |
| 776 | 0 | 8 |
_iPrinted edition: _z9783319637136 |
| 830 | 0 |
_aCommunications in Computer and Information Science, _x1865-0929 ; _v738 |
|
| 856 | 4 | 0 | _uhttps://doi.org/10.1007/978-3-319-63712-9 |
| 912 | _aZDB-2-SCS | ||
| 999 |
_c444719 _d444719 |
||
| 942 | _cEB | ||
| 506 | _aAvailable to subscribing member institutions only. Доступно лише організаціям членам підписки. | ||
| 506 | _fOnline access from local network of NaUOA. | ||
| 506 | _fOnline access with authorization at https://link.springer.com/ | ||
| 506 | _fОнлайн-доступ з локальної мережі НаУОА. | ||
| 506 | _fОнлайн доступ з авторизацією на https://link.springer.com/ | ||